Geografia Europy na literę C - Statystyki

Ogólne statystyki
  • Ten quiz został rozwiązany 211 razy
  • Średni wynik to 10 z 18
Statystyki odpowiedzi
Wskazówka Odpowiedź % Poprawnych
Państwo, którego stolicą jest Podgorica Czarnogóra
97%
Morze, z którym graniczy m.in. Gruzja oraz Rumunia Morze {Czarne}
97%
Śródlądowe państwo Czechy
95%
Miasto, w którym w 1986 r. doszło do katastrofy jądrowej Czarnobyl
87%
Państwo, które dołączyło do UE w 2013 r. Chorwacja
81%
Drugie największe polskie miasto, które nie jest miastem wojewódzkim Częstochowa
80%
Drugie największe ukraińskie miasto Charków
74%
Miasto w Anglii, w którym w 1209 r. założono uniwersytet Cambridge
71%
Stolica Walii Cardiff
70%
Miasto we Francji znane z festiwalów filmowych Cannes
62%
Drugie największe miasto Irlandii Cork
46%
Francuskie miasto, w pobliżu którego zaczyna się kanał La Manche Calais
27%
Jezioro leżące w Lombardii, zarazem najgłębsze w Alpach Como
26%
Belgijskie miasto położone ok. 50 km na południe od Brukseli. W jego okolicach znajduje się także lotnisko Charleroi
21%
Francuskie słowo oznaczające zamek bądź dwór królewski Château
14%
Obwód Ukrainy, w którym leży m.in. Kamień Podolski chmielnicki
6%
Rosyjska rzeka o długości prawie 1 000 tys. km, będąca lewym dopływem Donu Chopior
1%
Rosyjska rzeka przepływająca przez m.in. Pierwouralsk Czusowaja
1%
Nie znaleziono quizów pasujących do podanych kryteriów
Rozkład punktacji
Procent ludzi z każdym wynikiem
Percentyl według liczby udzielonych odpowiedzi
Twoja historia wyników
Nie rozwiązałeś tego quizu